Normal view
MARC view
- Fink, Kurtis D
Entry Personal Name
001 - CONTROL NUMBER
- control field: 103455
003 - CONTROL NUMBER IDENTIFIER
- control field: NUST
005 - DATE AND TIME OF LATEST TRANSACTION
- control field: 20221124082938.0
008 - FIXED-LENGTH DATA ELEMENTS
- fixed length control field: 221124|| aca||aabn | a|a d
040 ## - CATALOGING SOURCE
- Original cataloging agency: NUST
- Transcribing agency: NUST
100 ## - HEADING--PERSONAL NAME
- Personal name: Fink, Kurtis D
670 ## - SOURCE DATA FOUND
- Source citation: Work cat.: (NUST)179170: Mathews, John H., 39452, Numerical methods using MATLAB / , c2004.
